00949nas a2200229Ia 4500001001100000003000900011008004100020040001300061040001300074041001300087100004900100210001200149222001200161245010100173250001100274260002200285501008600307300001700393362003100410500023500441650004300676R142/C4421IT-RoPAU151124c99999999xx |||||||||||| ||und|| aIT-RoPAU cIT-RoPAU aFRANCESE aDe Gournay ChantalgCodice Aut. SPICS: 17551 aRESEAUX aReseaux aRESEAUX, N.065 (MAGGIO/GIUGNO 1994)bEn Attendant Les Nomades: Telephonie Mobile Et Modes De Vie a1a ed. aPARISbCNETc1994 bPaulus - SPICS - Società San Paolo EM (non-commercial uses only)cCopyright2015 a17 p. [9-25] aN.065 (MAGGIO/GIUGNO 1994) aNell'Attesa dei Nomadi: Telefonia Mobile e Modi di Vita. Spazio Esploso: Dal Locale al Tribale. Comunicazione Nomade: Dalla Rete Ai Rizoma. Impresa Nomade e Lavoro Selvaggio. Identificazione di un Oggetto Nomade: il Radiotelefono. aCOMUNICAZIONEvPUBBLICAZIONE PERIODICA